Match Capital to Country- World Countries Quiz #1 - Statistics

General Stats
  • This quiz has been taken 365 times
    354 since last reset
  • The average score is 8 of 15
Answer Stats
Hint Answer % Correct
Paris France
100%
Mexico City Mexico
100%
Panama City Panama
100%
San Marino San Marino
100%
Washington DC USA
100%
Berlin Germany
94%
Canberra Australia
93%
Abu Dhabi UAE
92%
Lima Peru
90%
Bangkok Thailand
90%
Reykjavik Iceland
88%
Kuwait City Kuwait
88%
Doha Qatar
85%
Bucharest Romania
85%
Havana Cuba
83%
Kingston Jamaica
82%
Ankara Turkey
82%
Baghdad Iraq
81%
Phnom Pehn Cambodia
80%
Hanoi Vietnam
79%
Minsk Belarus
76%
Sarajevo Bosnia and Herzegovina
74%
Zagreb Croatia
72%
Riga Latvia
71%
Kabul Afghanistan
69%
Jakarta Indonesia
69%
Pristina Kosovo
69%
Kathmandu Nepal
69%
San Jose Costa Rica
68%
Damascus Syria
67%
Beirut Lebanon
65%
Rabat Morocco
63%
Riyadh Saudi Arabia
63%
Dakar Senegal
62%
Ljubljana Slovenia
62%
Valletta Malta
58%
Chisenau Moldova
57%
Montevideo Uruguay
57%
Islamabad Pakistan
56%
Paramaribo Suriname
55%
Dhaka Bangladesh
54%
Tbilisi Georgia
53%
Vaduz Liechtenstein
53%
Muscat Oman
53%
Pretoria South Africa
53%
Freetown Sierra Leone
50%
Vientiane Laos
47%
Ouagadougou Burkina Faso
45%
Mogadishu Somalia
44%
Kinshasa Dem. Rep. of the Congo
42%
Windhoek Namibia
40%
Belmopan Belize
38%
Vilnuis Lithuania
38%
Tashkent Uzbekistan
36%
Monrovia Liberia
35%
Naypyidaw Myanmar
35%
Luanda Angola
33%
Bandar Seri Begawan Brunei
33%
Podgorica Montenegro
33%
Baku Azerbaijan
31%
N'Djamena Chad
29%
Tegucigalpa Honduras
28%
Sucre Bolivia
27%
Maputo Mozambique
27%
Ashgabat Turkmenistan
25%
Bamako Mali
24%
Saint George's Grenada
23%
Maseru Lesotho
22%
Ngerulmud Palau
20%
Porto-Novo Benin
19%
Moroni Comoros
18%
Gitega Burundi
15%
Mbabane Eswatini
14%
Victoria Seychelles
13%
Bishkek Kyrgyztan
0%
No matching quizzes found
Score Distribution
Percent of People with Each Score
Percentile by Number Answered
Your Score History
You have not taken this quiz since the last reset